Sports Quiz

Random Sports or College Quiz
Score 0/20 Timer 07:00
0 Plays Today
Hint Answer % Correct
Team ColorRed
88.8%
NicknameBulldogs
88.5%
ConferenceSEC
85.7%
CityAthens
76.5%
No. of Women's Varsity Sports11
53%
Primary RivalGeorgia Tech
42.1%
Team ColorBlack
40.4%
Famous Alum: RB Herschel ____Walker
38.9%
Famous Alum: QB ____ StaffordMatthew
38.7%
Fight SongGlory, Glory
37.7%
Hint Answer % Correct
MascotUGA
37.7%
StateGeorgia
35.6%
Primary RivalFlorida
34.5%
Athletic DirectorGreg McGarity
32.1%
Sport w/ most NCAA ChampionshipsWomen's Gymnastics (10)
30.8%
No. of Men's Varsity Sports8
30.8%
Basketball ArenaStegeman Coliseum
26.6%
Baseball StadiumFoley Field
19%
Football StadiumSanford Stadium
16.3%
Fight SongHail to Georgia
13.2%
Remove Ads.
Support Sporcle.
Get the best of Sporcle when you Go Orange. This ad-free experience offers more features, more stats, and more fun while also helping to support Sporcle. Thank you for becoming a member.

You're not logged in!

Compare scores with friends on all Sporcle quizzes.
OR
Log In

Show Comments

Extras

Top Quizzes Today


Score Distribution

Your Account Isn't Verified!

In order to create a playlist on Sporcle, you need to verify the email address you used during registration. Go to your Sporcle Settings to finish the process.

Report this User

Report this user for behavior that violates our Community Guidelines.

Details: